000 00295nam a22001337a 4500
008 180920b xxu||||| |||| 00| 0 eng d
020 _a9781464192852
041 _aeng
080 _29th
_a159.9
100 _a48
101 _aPSI
245 _aAbnormal Psychology
_cComer,R,J
942 _2udc
_cBK
999 _c48104
_d48104